Možnosti financovania environmentálnych aktivít mimovládnych neziskových organizácií

Finančná stránka fungovania mimovládnych organizácií je jednou z najdôležitejších a najzložitejších súčasti ich existencie. Charakterizovanie zdrojov financovania environmentálnych aktivít neziskových organizácií.

Enregistré dans:
Détails bibliographiques
Auteur principal: Laciňák, Jozef
Format: Chapitre de livre
Langue:slovaque
Sujets:
Tags: Ajouter un tag
Pas de tags, Soyez le premier à ajouter un tag!

MARC

LEADER 00000nla a2200000 4500
001 0179491
005 20240502073041.4
041 0 |a slo 
044 |a SK 
245 1 0 |a Možnosti financovania environmentálnych aktivít mimovládnych neziskových organizácií  |c Jozef Laciňák 
520 |a Finančná stránka fungovania mimovládnych organizácií je jednou z najdôležitejších a najzložitejších súčasti ich existencie. Charakterizovanie zdrojov financovania environmentálnych aktivít neziskových organizácií. 
610 2 0 |a financovanie 
610 2 0 |a formy financovania 
610 2 0 |a zdroje finančné 
610 2 0 |a samofinancovanie 
610 2 0 |a organizácie neziskové 
610 2 0 |a sektor terciárny 
100 1 |a Laciňák, Jozef